01445nkm a22002777a 45000010006000000050017000060070007000230080041000300400024000711000031000952450116001262600015002423000050002575000114003075000155004215000084005766000041006606100062007016510032007636550040007958520012008358560150008479420020009979520133010179990017011508580420260416173853.0kh bo 260415s1914 sp ||||| |||| |0| i|spa d aM-RABAbspacM-RABA1 aBrocconini, Pietro911167013a[La Sagrada Familiab: construcción de la fachada del Nacimiento]c/ Brocconini, Pietroh[Material gráfico] c[ca. 1914] a1 fotografíab: aristotipoc; 17 x 22,5 cm 00aFotografía que representa la construcción de la fachada del Nacimiento de la Sagrada Familia (Barcelona).00aLa construcción de la fachada del Nacimiento se inició en 1891. A partir de 1914 Gaudí se dedica únicamente al templo hasta su muerte en 1926.00aFecha tomada desde que el arquitecto se dedicó únicamente a este monumento.17aGaudí, Antoni (d1852-1926)92870727aTemplo de la Sagrada Familia (Barcelona, España)972397 7aBarcelona (España)974754 0aFotografías de monumentos9111580 jFot-646 uhttps://archivoybiblioteca.realacademiabellasartessanfernando.com/cgi-bin/koha/opac-retrieve-file.pl?id=c63c06ea7e48a9754ebd3f0c4b4d82f0yFot-646 cFOTOGRAFÍAn0 00102ddc40708FOTOGRAFIAaRABASFbRABASFcDP2d2026-04-15l0oFot-646p1096914r2026-04-15 13:12:12w2026-04-15yFOTOGRAFÍA c85804d85804